| 000 | 00743pam a2200181 a 4500 | ||
|---|---|---|---|
| 020 | _a0875185495 | ||
| 040 | _cDLC | ||
| 082 | _a971 MAX 1993 A102 Or. | ||
| 100 | 1 | _aSiy, Alexandra. | |
| 245 | 1 | 4 |
_aThe Eeyou : _bpeople of eastern James Bay / |
| 250 | _a1st ed. | ||
| 260 |
_aNew York : _bDillon Press ; _aToronto : _bMaxwell Macmillan Canada ; _aNew York : _bMaxwell Macmillan International, _cc1993. |
||
| 300 |
_a80 p. : _bill. (some col.), col. map ; _c25 cm. |
||
| 490 | 1 | _aGlobal villages | |
| 520 | _aDescribes the history, language, and culture of the Eeyou, or Cree Indians, of Eastern James Bay in northern Quebec and discusses how their way of life is threatened by hydroelectric projects. | ||
| 650 | 0 | _aCree Indians | |
| 942 | _cEK | ||
| 999 |
_c13753 _d13753 |
||